II Wojna Światowa - Czołgi - Statystyki

Ogólne statystyki
  • Ten quiz został rozwiązany 473 razy
  • Średni wynik to 7 z 16
Statystyki odpowiedzi
Obrazkowy Odpowiedź % Poprawnych
T-34
91%
Sherman
88%
IS-2
75%
IS-1
64%
Panther
55%
Panzer II
51%
Panzer IV
45%
Ferdinand
44%
su-152
43%
Tiger I
41%
m-18
36%
isu-122
26%
m-36
17%
Churchill VII
13%
T26
10%
Cromwell V
7%
Nie znaleziono quizów pasujących do podanych kryteriów
Rozkład punktacji
Procent ludzi z każdym wynikiem
Percentyl według liczby udzielonych odpowiedzi
Twoja historia wyników
Nie rozwiązałeś tego quizu